Finite Element Analysis of Non-Newtonian Flow : Theory and Software + CD included

Na minha lista:
Detalhes bibliográficos
Main Authors: Huang, Hou-Cheng (Author), Li, Zheng Hua (Author), Usmani, Asif S. (Author)
Formato: Livro
Idioma:inglês
Publicado em: London : Springer Verlag, 1999
Tags: Adicionar Tag
Sem tags, seja o primeiro a adicionar uma tag!

MARC

LEADER 00000nam a22000003a 4500
001 stu58643
005 20150617225654.9
008 010711s1999----uk------------------eng-d
020 |a 1-85233-024-4 
040 |a STU  |b slo 
041 0 |a eng 
044 |a uk 
080 |a 517.9  |7 A000003291 
080 |a 626.81 
100 1 |a Huang, Hou-Cheng  |4 aut 
245 1 |a Finite Element Analysis of Non-Newtonian Flow :  |b Theory and Software + CD included 
260 |a London :  |b Springer Verlag,  |c 1999 
300 |a 218 s. Index 
700 1 |a Li, Zheng Hua  |4 aut 
700 1 |a Usmani, Asif S.  |4 aut 
996 |b C96645  |c C*96645  |l CCXVIII  |s P  |a 0  |w stu58643_0001